| 000 | 00376nam a22001217a 4500 | ||
|---|---|---|---|
| 999 |
_c1635 _d1635 |
||
| 005 | 20200902120141.0 | ||
| 008 | 200902b ||||| |||| 00| 0 eng d | ||
| 020 | _a0719538521 | ||
| 040 | _cCML | ||
| 245 |
_aClass Experiments in Biology. _cMackean, D.G, Worsley, C.J & Worsely P.C.G. |
||
| 260 |
_aLondon _bJohn Murray _c1982 |
||
| 942 |
_2ddc _cBK _h574.5724 _mMAC |
||